Unsatisfactory tenants (Record no. 425384)

000 -LEADER
fixed length control field 00394cam a22001097a 4500
008 - FIXED-LENGTH DATA ELEMENTS--GENERAL INFORMATION
fixed length control field 180718b1955 xxu||||| |||| 00| 0 eng d
082 ## - DEWEY DECIMAL CLASSIFICATION NUMBER
Classification number XAx42 Un3/6
245 ## - TITLE STATEMENT
Title Unsatisfactory tenants
Statement of responsibility, etc. by Ministry of Housing and Local Government, United Kingdom
260 ## - PUBLICATION, DISTRIBUTION, ETC.
Place of publication, distribution, etc. London
Name of publisher, distributor, etc. Her Majesty's Statiionery office
Date of publication, distribution, etc. 1955
300 ## - PHYSICAL DESCRIPTION
Extent 33+p.
700 ## - ADDED ENTRY--PERSONAL NAME
Personal name United Kingdom.Ministry of Housing and Local Government
Holdings
Withdrawn status Lost status Damaged status Not for loan Permanent Location Current Location Date acquired Full call number Barcode Date last seen Price effective from Koha item type
        Indian Institute of Public Administration Indian Institute of Public Administration 2009-10-08 XAx42 Un3/6 11089 2018-07-21 2018-07-21 Book

Powered by Koha